000 01813cam a22003977i 4500
001 data
005 20260322212122.0
008 data
035 _a20165708
906 _a7
_bcbc
_ccopycat
_d2
_eepcn
_f20
_gy-gencatlg
925 0 _aacquire
_b1 shelf copy
_xpolicy default
010 _a 2017963042
020 _a9781633536609
_q(paperback)
020 _a1633536602
_q(paperback)
035 _a(OCoLC)1002126496
040 _aBTCTA
_beng
_cBTCTA
_erda
_dDLC
_dYDX
_dGK8
_dUUC
_dVP@
_dZHB
_dCLE
_dTME
_dOCLCQ
_dOCLCF
_dDLC
042 _alccopycat
050 0 0 _aSB453.5
_b.A588 2018
082 0 4 _a635.0484
_223
100 1 _aAlvrez, Alice,
_eauthor.
245 1 4 _aThe starter garden handbook :
_ba cook's guide to growing your own food /
_cAlice Mary Alvrez.
264 1 _aCoral Gables, FL :
_bMango Publishing Group, a division of Mango Media Inc.,
_c[2018]
300 _a134 pages :
_billustrations ;
_c21 cm
336 _atext
_btxt
_2rdacontent
337 _aunmediated
_bn
_2rdamedia
338 _avolume
_2rdacarrier
504 _aIncludes bibliographical references (page 134).
520 _aHere in one pretty package is everything you need to know to have your garden and eat it, too! Whether you aspire to green rookie level, eco-master or full-on gardening guru , you can lean to grow your own food and help the planet every week of the year.--
_cAdapted from back cover.
650 0 _aOrganic gardening.
650 0 _aVegetable gardening.
650 0 _aHerb gardening.
650 7 _aHerb gardening.
_2fast
_0(OCoLC)fst00955300
650 7 _aOrganic gardening.
_2fast
_0(OCoLC)fst01047711
650 7 _aVegetable gardening.
_2fast
_0(OCoLC)fst01164731
999 _c1868
_d1868